000 00893nam a2200301Ia 4500
003 OSt
005 20220912144906.0
006 a|||||r|||| 00| 0
007 ta
008 220909b |||||||| |||| 00| 0 eng d
024 _a76863
037 _b992, 15/03/2007, Vardhman Books
037 _cTextual
040 _aCSL
_beng
_cCSL
041 _aeng
082 _aY:45:f, P7 TY
100 _aThompson Tim
245 0 _aForensic human identification:An introduction
260 _aBoca Raton
_bCRC Pres
_c2007
300 _a518p.
_ccm.
500 _aIncludes bibliographical references; Index 501-518p
650 _a Dead-identification
650 _a Forensic pathology
650 _aIdentification
700 _a Black Sue
942 _hY:45:f, P7 TY
_cTEXL
_2CC
999 _c18396
_d18396